<?xml version="1.0" encoding="UTF-8"?>
<record
    xmlns:xsi="http://www.w3.org/2001/XMLSchema-instance"
    xsi:schemaLocation="http://www.loc.gov/MARC21/slim http://www.loc.gov/standards/marcxml/schema/MARC21slim.xsd"
    xmlns="http://www.loc.gov/MARC21/slim">

  <leader>02337cam a2200433 i 4500</leader>
  <controlfield tag="003">SA-RiAUC</controlfield>
  <controlfield tag="005">20241204060339.0</controlfield>
  <controlfield tag="008">241204s2004    uk b   g      00010 ara c</controlfield>
  <datafield tag="040" ind1=" " ind2=" ">
    <subfield code="a">SA-RiKAPL</subfield>
    <subfield code="b">ara</subfield>
    <subfield code="c">SA-RiAUC</subfield>
    <subfield code="e">rda</subfield>
  </datafield>
  <datafield tag="041" ind1="1" ind2=" ">
    <subfield code="a">ara</subfield>
    <subfield code="h">und</subfield>
  </datafield>
  <datafield tag="043" ind1=" " ind2=" ">
    <subfield code="a">a-iq---</subfield>
    <subfield code="a">a-sy---</subfield>
    <subfield code="a">awgz---</subfield>
    <subfield code="a">f-ua---</subfield>
    <subfield code="a">a-jo---</subfield>
    <subfield code="a">a-su---</subfield>
    <subfield code="a">ar-----</subfield>
    <subfield code="a">a-ir---</subfield>
  </datafield>
  <datafield tag="072" ind1=" " ind2="7">
    <subfield code="a">033</subfield>
  </datafield>
  <datafield tag="082" ind1="0" ind2="4">
    <subfield code="a">301.35</subfield>
  </datafield>
  <datafield tag="092" ind1=" " ind2=" ">
    <subfield code="a">301.35</subfield>
    <subfield code="b">&#x627; &#x648; &#x628;</subfield>
  </datafield>
  <datafield tag="100" ind1="1" ind2=" ">
    <subfield code="a">&#x623;&#x648;&#x628;&#x646;&#x647;&#x627;&#x64A;&#x645;&#x60C; &#x645;&#x627;&#x643;&#x633;&#x60C;</subfield>
    <subfield code="c">&#x641;&#x631;&#x627;&#x64A;&#x647;&#x631; &#x641;&#x648;&#x646;&#x60C;</subfield>
    <subfield code="d">1860-1946</subfield>
    <subfield code="e">&#x645;&#x624;&#x644;&#x641;.</subfield>
  </datafield>
  <datafield tag="245" ind1="1" ind2="2">
    <subfield code="a">&#x627;&#x644;&#x628;&#x62F;&#x648; /</subfield>
    <subfield code="c">&#x62A;&#x623;&#x644;&#x64A;&#x641; &#x645;&#x627;&#x643;&#x633; &#x623;&#x648;&#x628;&#x646;&#x647;&#x627;&#x64A;&#x645;&#x60C; &#x622;&#x631;&#x634; &#x628;&#x631;&#x648;&#x646;&#x64A;&#x644;&#x634;&#x60C; &#x641;&#x631;&#x646;&#x631; &#x643;&#x627;&#x633;&#x643;&#x644; &#x61B; &#x62A;&#x631;&#x62C;&#x645;&#x629; &#x645;&#x64A;&#x634;&#x64A;&#x644; &#x643;&#x64A;&#x644;&#x648;&#x60C; &#x645;&#x62D;&#x645;&#x648;&#x62F; &#x643;&#x628;&#x64A;&#x628;&#x648; &#x61B; &#x62A;&#x62D;&#x642;&#x64A;&#x642; &#x648;&#x62A;&#x642;&#x62F;&#x64A;&#x645; &#x648;&#x625;&#x639;&#x62F;&#x627;&#x62F; &#x627;&#x644;&#x62E;&#x631;&#x627;&#x626;&#x637; &#x645;&#x627;&#x62C;&#x62F; &#x634;&#x628;&#x631;.</subfield>
  </datafield>
  <datafield tag="250" ind1=" " ind2=" ">
    <subfield code="a">&#x627;&#x644;&#x637;&#x628;&#x639;&#x629; &#x627;&#x644;&#x623;&#x648;&#x644;&#x649;.</subfield>
  </datafield>
  <datafield tag="264" ind1=" " ind2="1">
    <subfield code="a">&#x644;&#x646;&#x62F;&#x646; :</subfield>
    <subfield code="b">&#x634;&#x631;&#x643;&#x629; &#x62F;&#x627;&#x631; &#x627;&#x644;&#x648;&#x631;&#x627;&#x642; &#x644;&#x644;&#x646;&#x634;&#x631; &#x627;&#x644;&#x645;&#x62D;&#x62F;&#x648;&#x62F;&#x629;&#x60C;</subfield>
    <subfield code="c">2004</subfield>
  </datafield>
  <datafield tag="300" ind1=" " ind2=" ">
    <subfield code="a">5 &#x645;&#x62C;&#x644;&#x62F; &#x641;&#x64A; 1 :</subfield>
    <subfield code="b">&#x62E;&#x631;&#x627;&#x626;&#x637; &#x61B;</subfield>
    <subfield code="c">24 &#x633;&#x645;</subfield>
  </datafield>
  <datafield tag="336" ind1=" " ind2=" ">
    <subfield code="a">&#x646;&#x635;</subfield>
    <subfield code="b">txt</subfield>
    <subfield code="2">rdacontent</subfield>
    <subfield code="3">&#x643;&#x62A;&#x627;&#x628;</subfield>
  </datafield>
  <datafield tag="337" ind1=" " ind2=" ">
    <subfield code="a">&#x628;&#x62F;&#x648;&#x646; &#x648;&#x633;&#x64A;&#x637;</subfield>
    <subfield code="b">n</subfield>
    <subfield code="2">rdamedia</subfield>
  </datafield>
  <datafield tag="338" ind1=" " ind2=" ">
    <subfield code="a">&#x645;&#x62C;&#x644;&#x62F;</subfield>
    <subfield code="b">nc</subfield>
    <subfield code="2">rdacarrier</subfield>
  </datafield>
  <datafield tag="505" ind1="0" ind2=" ">
    <subfield code="a">&#x627;&#x644;&#x645;&#x62D;&#x62A;&#x648;&#x64A;&#x627;&#x62A; : &#x645;&#x62C;&#x644;&#x62F; 1. &#x645;&#x627; &#x628;&#x64A;&#x646; &#x627;&#x644;&#x646;&#x647;&#x631;&#x64A;&#x646; &#x627;&#x644;&#x639;&#x631;&#x627;&#x642; &#x627;&#x644;&#x634;&#x645;&#x627;&#x644;&#x64A; &#x648;&#x633;&#x648;&#x631;&#x64A;&#x629;- &#x645;&#x62C;&#x644;&#x62F; 2. &#x641;&#x644;&#x633;&#x637;&#x64A;&#x646;-&#x633;&#x64A;&#x646;&#x627;&#x621;-&#x627;&#x644;&#x623;&#x631;&#x62F;&#x646;-&#x627;&#x644;&#x62D;&#x62C;&#x627;&#x632;- &#x645;&#x62C;&#x644;&#x62F; 3. &#x634;&#x645;&#x627;&#x644; &#x648;&#x648;&#x633;&#x637; &#x627;&#x644;&#x62C;&#x632;&#x64A;&#x631;&#x629; &#x627;&#x644;&#x639;&#x631;&#x628;&#x64A;&#x629; &#x648;&#x627;&#x644;&#x639;&#x631;&#x627;&#x642; &#x627;&#x644;&#x62C;&#x646;&#x648;&#x628;&#x64A;- &#x645;&#x62C;&#x644;&#x62F; 4. &#x62E;&#x648;&#x632;&#x633;&#x62A;&#x627;&#x646;&#x60C; &#x625;&#x64A;&#x631;&#x627;&#x646;&#x60C; &#x639;&#x631;&#x628;&#x633;&#x62A;&#x627;&#x646; &#x648;&#x641;&#x647;&#x631;&#x633; &#x627;&#x644;&#x623;&#x639;&#x644;&#x627;&#x645; &#x648;&#x627;&#x644;&#x642;&#x628;&#x627;&#x626;&#x644; &#x648;&#x627;&#x644;&#x623;&#x645;&#x627;&#x643;&#x646;- &#x645;&#x62C;&#x644;&#x62F; 5. &#x645;&#x634;&#x62C;&#x631;&#x627;&#x62A; &#x623;&#x646;&#x633;&#x627;&#x628;&#x60C; &#x62E;&#x631;&#x627;&#x626;&#x637; &#x62C;&#x63A;&#x631;&#x627;&#x641;&#x64A;&#x629; &#x644;&#x627;&#x646;&#x62A;&#x634;&#x627;&#x631; &#x627;&#x644;&#x642;&#x628;&#x627;&#x626;&#x644;.</subfield>
  </datafield>
  <datafield tag="650" ind1=" " ind2="7">
    <subfield code="a">&#x627;&#x644;&#x628;&#x62F;&#x648;</subfield>
    <subfield code="2">aucsh</subfield>
  </datafield>
  <datafield tag="650" ind1=" " ind2="7">
    <subfield code="a">&#x639;&#x644;&#x645; &#x627;&#x644;&#x627;&#x62C;&#x62A;&#x645;&#x627;&#x639; &#x627;&#x644;&#x628;&#x62F;&#x648;&#x64A;</subfield>
    <subfield code="2">aucsh</subfield>
  </datafield>
  <datafield tag="650" ind1=" " ind2="7">
    <subfield code="a">&#x627;&#x644;&#x628;&#x62F;&#x648;</subfield>
    <subfield code="x">&#x62D;&#x64A;&#x627;&#x629; &#x648;&#x639;&#x627;&#x62F;&#x627;&#x62A; &#x627;&#x62C;&#x62A;&#x645;&#x627;&#x639;&#x64A;&#x629;</subfield>
    <subfield code="2">aucsh</subfield>
  </datafield>
  <datafield tag="650" ind1=" " ind2="7">
    <subfield code="a">&#x627;&#x644;&#x628;&#x62F;&#x648;</subfield>
    <subfield code="z">&#x627;&#x644;&#x639;&#x631;&#x627;&#x642;</subfield>
    <subfield code="2">aucsh</subfield>
  </datafield>
  <datafield tag="650" ind1=" " ind2="7">
    <subfield code="a">&#x627;&#x644;&#x628;&#x62F;&#x648;</subfield>
    <subfield code="z">&#x634;&#x628;&#x647; &#x627;&#x644;&#x62C;&#x632;&#x64A;&#x631;&#x629; &#x627;&#x644;&#x639;&#x631;&#x628;&#x64A;&#x629;</subfield>
    <subfield code="2">aucsh</subfield>
  </datafield>
  <datafield tag="650" ind1=" " ind2="7">
    <subfield code="a">&#x627;&#x644;&#x628;&#x62F;&#x648;</subfield>
    <subfield code="z">&#x641;&#x644;&#x633;&#x637;&#x64A;&#x646;</subfield>
    <subfield code="2">aucsh</subfield>
  </datafield>
  <datafield tag="650" ind1=" " ind2="7">
    <subfield code="a">&#x627;&#x644;&#x628;&#x62F;&#x648;</subfield>
    <subfield code="z">&#x645;&#x635;&#x631;</subfield>
    <subfield code="2">aucsh</subfield>
  </datafield>
  <datafield tag="650" ind1=" " ind2="7">
    <subfield code="a">&#x627;&#x644;&#x628;&#x62F;&#x648;</subfield>
    <subfield code="z">&#x627;&#x644;&#x623;&#x631;&#x62F;&#x646;</subfield>
    <subfield code="2">aucsh</subfield>
  </datafield>
  <datafield tag="700" ind1="1" ind2=" ">
    <subfield code="a">&#x628;&#x631;&#x648;&#x646;&#x64A;&#x644;&#x634;&#x60C; &#x622;&#x631;&#x634;&#x60C;</subfield>
    <subfield code="d">1892-1945</subfield>
    <subfield code="e">&#x645;&#x624;&#x644;&#x641;.</subfield>
  </datafield>
  <datafield tag="700" ind1="1" ind2=" ">
    <subfield code="a">&#x643;&#x627;&#x633;&#x643;&#x644;&#x60C; &#x641;&#x631;&#x646;&#x631;&#x60C;</subfield>
    <subfield code="d">1896-1970</subfield>
    <subfield code="e">&#x645;&#x624;&#x644;&#x641;.</subfield>
  </datafield>
  <datafield tag="700" ind1="1" ind2=" ">
    <subfield code="a">&#x643;&#x64A;&#x644;&#x648;&#x60C; &#x645;&#x64A;&#x634;&#x627;&#x644;&#x60C;</subfield>
    <subfield code="d">1940-</subfield>
    <subfield code="e">&#x645;&#x62A;&#x631;&#x62C;&#x645;.</subfield>
  </datafield>
  <datafield tag="700" ind1="1" ind2=" ">
    <subfield code="a">&#x643;&#x628;&#x64A;&#x628;&#x648;&#x60C; &#x645;&#x62D;&#x645;&#x648;&#x62F;&#x60C;</subfield>
    <subfield code="d">1941-2020</subfield>
    <subfield code="e">&#x645;&#x62A;&#x631;&#x62C;&#x645;.</subfield>
  </datafield>
  <datafield tag="700" ind1="1" ind2=" ">
    <subfield code="a">&#x634;&#x628;&#x631;&#x60C; &#x645;&#x627;&#x62C;&#x62F;</subfield>
    <subfield code="e">&#x645;&#x62D;&#x642;&#x642;.</subfield>
  </datafield>
  <datafield tag="942" ind1=" " ind2=" ">
    <subfield code="2">ddc</subfield>
    <subfield code="c">BOOK</subfield>
  </datafield>
  <datafield tag="949" ind1=" " ind2=" ">
    <subfield code="a">SA-JeALM</subfield>
    <subfield code="d">241204</subfield>
    <subfield code="u">khaled123</subfield>
    <subfield code="n">1</subfield>
  </datafield>
  <datafield tag="952" ind1=" " ind2=" ">
    <subfield code="0">0</subfield>
    <subfield code="1">0</subfield>
    <subfield code="2">ddc</subfield>
    <subfield code="3">&#x627;&#x644;&#x62C;&#x632;&#x621; &#x627;&#x644;&#x623;&#x648;&#x644;</subfield>
    <subfield code="4">0</subfield>
    <subfield code="7">0</subfield>
    <subfield code="a">WAHAB</subfield>
    <subfield code="b">WAHAB</subfield>
    <subfield code="d">2024-12-04</subfield>
    <subfield code="l">0</subfield>
    <subfield code="o">301.35 &#x627; &#x648; &#x628;</subfield>
    <subfield code="p">000004524</subfield>
    <subfield code="r">2024-12-04 06:06:36</subfield>
    <subfield code="w">2024-12-04</subfield>
    <subfield code="y">BOOK</subfield>
  </datafield>
  <datafield tag="952" ind1=" " ind2=" ">
    <subfield code="0">0</subfield>
    <subfield code="1">0</subfield>
    <subfield code="2">ddc</subfield>
    <subfield code="3">&#x627;&#x644;&#x62C;&#x632;&#x621; &#x627;&#x644;&#x62B;&#x627;&#x646;&#x64A;</subfield>
    <subfield code="4">0</subfield>
    <subfield code="7">0</subfield>
    <subfield code="a">WAHAB</subfield>
    <subfield code="b">WAHAB</subfield>
    <subfield code="d">2024-12-04</subfield>
    <subfield code="l">0</subfield>
    <subfield code="o">301.35 &#x627; &#x648; &#x628;</subfield>
    <subfield code="p">000004525</subfield>
    <subfield code="r">2024-12-04 06:06:36</subfield>
    <subfield code="w">2024-12-04</subfield>
    <subfield code="y">BOOK</subfield>
  </datafield>
  <datafield tag="952" ind1=" " ind2=" ">
    <subfield code="0">0</subfield>
    <subfield code="1">0</subfield>
    <subfield code="2">ddc</subfield>
    <subfield code="3">&#x627;&#x644;&#x62C;&#x632;&#x621; &#x627;&#x644;&#x62B;&#x627;&#x644;&#x62B;</subfield>
    <subfield code="4">0</subfield>
    <subfield code="7">0</subfield>
    <subfield code="a">WAHAB</subfield>
    <subfield code="b">WAHAB</subfield>
    <subfield code="d">2024-12-04</subfield>
    <subfield code="l">0</subfield>
    <subfield code="o">301.35 &#x627; &#x648; &#x628;</subfield>
    <subfield code="p">000004526</subfield>
    <subfield code="r">2024-12-04 06:06:36</subfield>
    <subfield code="w">2024-12-04</subfield>
    <subfield code="y">BOOK</subfield>
  </datafield>
  <datafield tag="952" ind1=" " ind2=" ">
    <subfield code="0">0</subfield>
    <subfield code="1">0</subfield>
    <subfield code="2">ddc</subfield>
    <subfield code="3">&#x627;&#x644;&#x62C;&#x632;&#x621; &#x627;&#x644;&#x631;&#x627;&#x628;&#x639;</subfield>
    <subfield code="4">0</subfield>
    <subfield code="7">0</subfield>
    <subfield code="a">WAHAB</subfield>
    <subfield code="b">WAHAB</subfield>
    <subfield code="d">2024-12-04</subfield>
    <subfield code="l">0</subfield>
    <subfield code="o">301.35 &#x627; &#x648; &#x628;</subfield>
    <subfield code="p">000004527</subfield>
    <subfield code="r">2024-12-04 06:06:36</subfield>
    <subfield code="w">2024-12-04</subfield>
    <subfield code="y">BOOK</subfield>
  </datafield>
  <datafield tag="952" ind1=" " ind2=" ">
    <subfield code="0">0</subfield>
    <subfield code="1">0</subfield>
    <subfield code="2">ddc</subfield>
    <subfield code="3">&#x62E;&#x631;&#x627;&#x626;&#x637;</subfield>
    <subfield code="4">0</subfield>
    <subfield code="7">0</subfield>
    <subfield code="a">WAHAB</subfield>
    <subfield code="b">WAHAB</subfield>
    <subfield code="d">2024-12-04</subfield>
    <subfield code="l">0</subfield>
    <subfield code="o">301.35 &#x627; &#x648; &#x628;</subfield>
    <subfield code="p">000004528</subfield>
    <subfield code="r">2024-12-04 06:06:36</subfield>
    <subfield code="w">2024-12-04</subfield>
    <subfield code="y">BOOK</subfield>
  </datafield>
  <datafield tag="999" ind1=" " ind2=" ">
    <subfield code="c">3001</subfield>
    <subfield code="d">3001</subfield>
  </datafield>
</record>
